000 00798nas a2200277 4500
001 BR4300071
003 BR-BrBNA
005 20231205081824.0
007 ta
008 230509b bl.|||p| |||| 00| 00por d
040 _aBR-BrBNA
_bpor
_cBiblioteca Nacional de Agricultura
041 _a(Pt)
072 _aE70; E15
100 1 _aLuz Filho, F.
245 1 _aO Cooperativismo, o conceito do retorno e a venda ao publico [Cooperativa de consumo]
650 _aComercializacao
650 _aMicroeconomia
650 _aMercado
650 _aVenda
650 _aPreco
650 _aCooperativa mercantil
650 _aCooperativa de consumo
773 0 _tCooperacao (Brazil)
_x
_g(Apr 1943), v. 2(10) p. 8-14
_wBR4300071
909 _a202311
_bLúcia
_c55
_dLúcia Elande
942 _2AGRIS
_n0
_cANA
999 _c87103
_d87103